000 00786nam a2200229 a 4500
005 20210223122023.0
008 991125s1985 mx 000 0 spa u
020 _a968160265X
035 _aUPN01000028000
049 _aCG
050 4 _aPN509
_bA5.5 1985
100 1 _aAnderson Imbert, Enrique,
_d1910-2000
_928725
245 1 0 _aHistoria de la literatura hispanoamericana /
_cEnrique Anderson Imbert.
250 _a5a ed.
260 _aMéxico :
_bFCE,
_c1985.
300 _a2 v.
440 0 _aBreviarios del Fondo de Cultura Económica ;
_v89, 156
500 _aLa biblioteca tiene el v.2
505 8 _aContenido:
_gv.1.
_tLa colonia. Cien años de república --
_gv.2.
_tEpoca contemporánea
650 4 _aLITERATURA HISPANOAMERICANA -
_xHISTORIA Y CRITICA
_97888
905 _aLibro
999 _c28000
_d28000